Mapovanie názorov na webe na základe správania používateľa

Uložené v:
Podrobná bibliografia
Hlavný autor: Svítek, Joachim (Autor)
Ďalší autori: Návrat, Pavol (Vedúci práce)
Médium: Rukopis Kniha
Jazyk:Slovak
Vydavateľské údaje: 2019
Predmet:
On-line prístup:http://is.stuba.sk/zp/portal_zp.pl?podrobnosti=145569
Tagy: Pridať tag
Žiadne tagy, Buďte prvý, kto otaguje tento záznam!

MARC

LEADER 00000ntm a22000003a 4500
001 stuzp75026
003 SK-STU
005 20190622212805.0
007 ta
008 150427s2015----xo-----f-mn---000-0-slo-d
040 |a STU  |b slo 
041 0 |a slo 
100 1 |a Svítek, Joachim  |u 070200  |k Z4  |4 aut  |U FIIT Fakulta informatiky a informačných technológií  |T FIIT Ústav informatiky, informačných systémov a softvérového inžinierstva  |X 74247  |U I200  |Y 179  |7 74247 
242 0 1 |a Opinion mapping on the web based on user behavior  |y eng 
245 1 0 |a Mapovanie názorov na webe na základe správania používateľa 
260 |c 2019 
650 4 |a Správanie používateľa  |2 slo 
650 4 |a Strojové učenie  |2 slo 
650 4 |a Identifikácia používateľov manipulátorov  |2 slo 
650 4 |a User behavior  |2 eng 
650 4 |a Machine learning  |2 eng 
650 4 |a Troll identification  |2 eng 
700 1 |a Návrat, Pavol  |u 070200  |k Z1  |4 ths  |U FIIT Fakulta informatiky a informačných technológií  |T FIIT Ústav informatiky, informačných systémov a softvérového inžinierstva  |X 4660  |U I200  |Y 179  |7 4660 
856 4 |u http://is.stuba.sk/zp/portal_zp.pl?podrobnosti=145569 
996 |c I*DP1/19  |l II680  |s P  |a 0  |w stuzp75026_0001